Tropicana Golf and Country Resort Berhad : a privatisation proposal
| Format: | Book |
|---|---|
| Published: |
Kuala Lumpur :
Jasa Megah Industries Bhd. ,
1996
|
| Subjects: |
MARC
| LEADER | 00000cam a2200000 7i4500 | ||
|---|---|---|---|
| 001 | 0000015598 | ||
| 005 | 20050915.0 | ||
| 040 | |a INS | ||
| 090 | 0 | 0 | |a GV963 |b JAS 1996 |
| 245 | 1 | 0 | |a Tropicana Golf and Country Resort Berhad : |b a privatisation proposal |c Jasa Megah Industries Bhd. |
| 260 | |a Kuala Lumpur : |b Jasa Megah Industries Bhd. , |c 1996 | ||
| 300 | |a 38ms : |b il ; |c 30cm. | ||
| 610 | 1 | 0 | |a Tropicana Golf and Country Resort Bhd. |
| 650 | 0 | 0 | |a Golf Resot |z Malaysia |
| 999 | |a 0000016002 |b BOOK |c Open Shelf |e Default branch | ||